[Event "Bad Woerishofen op 34th"]
[Site "Bad Woerishofen"]
[Date "2018.02.25"]
[Round "4"]
[White "Braeu, Ludwig"]
[Black "Lainburg, Viktor"]
[Result "0-1"]
[WhiteElo "1835"]
[BlackElo "1960"]
[PlyCount "84"]
[EventDate "2018.02.23"]
[EventType "swiss"]
[EventRounds "9"]
[EventCountry "GER"]
[SourceTitle "EXT 2019"]
[Source "ChessBase"]
[SourceDate "2018.10.10"]
[SourceVersion "1"]
[SourceVersionDate "2018.10.10"]
[SourceQuality "1"]

1. c4 Nf6 2. g3 c5 3. Bg2 Nc6 4. Nc3 e6 5. Nf3 d5 6. cxd5 exd5 7. d4 Bf5 8. 0-0 Ne4 9. Be3 c4 10. Nh4 Nxc3 11. bxc3 Be6 12. Bc1 Be7 13. Nf3 0-0 14. Ne5 Nxe5 15. dxe5 f6 16. e4 Qa5 17. exd5 Rad8 18. Qd4 Bxd5 19. Bxd5+ Qxd5 20. Qxa7 Bc5 21. Qa4 fxe5 22. Bg5 Ra8 23. Qc2 Qd3 24. Qd2 Ra3 25. Qxd3 cxd3 26. Bd2 Rfa8 27. Rfe1 Rxa2 28. Rxa2 Rxa2 29. Rxe5 Bxf2+ 30. Kxf2 Rxd2+ 31. Ke1 Rxh2 32. Rb5 Rg2 33. Rxb7 Rxg3 34. Kd2 h5 35. c4 h4 36. c5 Rg5 37. c6 Rc5 38. c7 Kh7 39. Kxd3 h3 40. Rb4 Rxc7 41. Rh4+ Kg6 42. Rxh3 Re7 0-1

[Event "Bad Woerishofen Seniors op 32nd"]
[Site "Bad Woerishofen"]
[Date "2016.02.27"]
[Round "2"]
[White "Braeu, Ludwig"]
[Black "Harsch, Martin"]
[Result "0-1"]
[WhiteElo "1894"]
[BlackElo "2029"]
[PlyCount "74"]
[EventDate "2016.02.26"]
[EventType "swiss"]
[EventRounds "9"]
[EventCountry "GER"]
[SourceTitle "EXT 2019"]
[Source "ChessBase"]
[SourceDate "2018.10.10"]
[SourceVersion "1"]
[SourceVersionDate "2018.10.10"]
[SourceQuality "1"]

1. c4 c6 2. g3 d5 3. Bg2 Nf6 4. Nf3 Bg4 5. Qc2 Nbd7 6. 0-0 e6 7. b3 Be7 8. Bb2 0-0 9. d3 h6 10. Nbd2 Bf5 11. Rfe1 Bh7 12. Qd1 Qc7 13. e4 Nc5 14. Qe2 dxe4 15. dxe4 Rad8 16. Ne5 Nfd7 17. Nxd7 Rxd7 18. Red1 Nd3 19. Bc3 Bc5 20. Rf1 Rfd8 21. Nf3 a5 22. Ne1 a4 23. Nxd3 Rxd3 24. Rac1 axb3 25. axb3 Qb6 26. Qb2 f6 27. b4 Bd4 28. c5 Qc7 29. Bxd4 R3xd4 30. Rfe1 e5 31. f3 Kf8 32. Bf1 Qd7 33. Be2 Rd2 34. Qc3 Qd4+ 35. Kf1 f5 36. exf5 Bxf5 37. Red1 Qxc3 0-1

[Event "GER-chA Seniors 27th"]
[Site "Magdeburg"]
[Date "2015.08.22"]
[Round "8"]
[White "Braeu, Ludwig"]
[Black "Wiemer, Juergen"]
[Result "1/2-1/2"]
[WhiteElo "1929"]
[BlackElo "2062"]
[PlyCount "76"]
[EventDate "2015.08.15"]
[EventType "swiss"]
[EventRounds "9"]
[EventCountry "GER"]
[SourceTitle "EXT 2018"]
[Source "ChessBase"]
[SourceDate "2017.10.13"]
[SourceVersion "1"]
[SourceVersionDate "2017.10.13"]
[SourceQuality "1"]

1. c4 Nf6 2. g3 e6 3. Bg2 d5 4. Nf3 Nbd7 5. 0-0 Be7 6. b3 b6 7. Bb2 Bb7 8. d3 0-0 9. Nbd2 c5 10. e3 Rc8 11. Qe2 a5 12. a4 Qc7 13. e4 d4 14. Nb1 Ne8 15. Na3 Qd8 16. e5 Nc7 17. Nb5 Nxb5 18. axb5 Re8 19. Nd2 Bxg2 20. Kxg2 Nf8 21. f4 Rc7 22. Nf3 f5 23. Bc1 h6 24. h4 Nh7 25. Rh1 Qa8 26. h5 Ra7 27. Kf2 Nf8 28. Rh2 a4 29. Qa2 a3 30. Nd2 g5 31. hxg6 Nxg6 32. Nb1 Kg7 33. Nxa3 Rh8 34. Rh5 Qb7 35. Bb2 Kf7 36. Qb1 Bf8 37. Qd1 Bg7 38. Qf3 Qxf3+ 1/2-1/2

[Event "Bayern-ch Seniors op 27th"]
[Site "Bergen"]
[Date "2015.06.15"]
[Round "5"]
[White "Hein, Manfred"]
[Black "Braeu, Ludwig"]
[Result "1-0"]
[WhiteElo "1850"]
[BlackElo "1733"]
[PlyCount "65"]
[EventDate "2015.06.15"]
[EventType "swiss"]
[EventRounds "9"]
[EventCountry "GER"]
[SourceTitle "EXT 2019"]
[Source "ChessBase"]
[SourceDate "2018.10.10"]
[SourceVersion "1"]
[SourceVersionDate "2018.10.10"]
[SourceQuality "1"]

1. e4 c5 2. Nf3 Nc6 3. d4 cxd4 4. Nxd4 g6 5. Nxc6 bxc6 6. Qd4 Nf6 7. e5 Nd5 8. e6 f6 9. exd7+ Bxd7 10. Bc4 e5 11. Qd1 Be6 12. Bb3 Qe7 13. 0-0 Bg7 14. c3 0-0 15. Re1 Bf7 16. Na3 Rfd8 17. Qe2 a5 18. Bc4 Rd7 19. g3 Re8 20. Nc2 f5 21. Ne3 e4 22. Bxd5 Bxd5 23. Nxd5 Rxd5 24. Be3 Rb8 25. Rad1 Qb7 26. Bf4 Rbd8 27. Rxd5 Rxd5 28. Rd1 Kf7 29. Qc2 Be5 30. Rxd5 Bxf4 31. Rxa5 Bc7 32. Ra4 Be5 33. Qb3+ 1-0

[Event "Bayern-ch Seniors op 27th"]
[Site "Bergen"]
[Date "2015.06.15"]
[Round "1"]
[White "Jurgan, Brigitte"]
[Black "Braeu, Ludwig"]
[Result "0-1"]
[WhiteElo "1236"]
[BlackElo "1733"]
[PlyCount "72"]
[EventDate "2015.06.15"]
[EventType "swiss"]
[EventRounds "9"]
[EventCountry "GER"]
[SourceTitle "EXT 2019"]
[Source "ChessBase"]
[SourceDate "2018.10.10"]
[SourceVersion "1"]
[SourceVersionDate "2018.10.10"]
[SourceQuality "1"]

1. d4 g6 2. Nf3 Bg7 3. c3 c5 4. Be3 cxd4 5. Bxd4 Nf6 6. g3 Nc6 7. Bxf6 Bxf6 8. Bg2 d5 9. e3 0-0 10. 0-0 e5 11. Qc1 Be6 12. Re1 Rc8 13. Qd2 Qe7 14. Na3 Rfd8 15. Nc2 Na5 16. b3 Qc7 17. Rac1 Qxc3 18. Qxc3 Rxc3 19. Na3 Rdc8 20. Rxc3 Rxc3 21. Nd2 a6 22. Ndb1 Rc8 23. Re2 Rc1+ 24. Bf1 Bh3 25. Nd2 e4 26. Nab1 Bxf1 27. Nxf1 Rxb1 28. Kg2 Rb2 29. Rd2 Rxd2 30. Nxd2 Nc6 31. Kf1 Nb4 32. a4 Nd3 33. Ke2 Bc3 34. Nb1 Bb4 35. Nd2 Nxf2 36. Kxf2 Bxd2 0-1

[Event "Bayern-ch Seniors op 27th"]
[Site "Bergen"]
[Date "2015.06.15"]
[Round "9"]
[White "Neubauer, Jaroslaus"]
[Black "Braeu, Ludwig"]
[Result "1/2-1/2"]
[WhiteElo "1858"]
[BlackElo "1733"]
[PlyCount "43"]
[EventDate "2015.06.15"]
[EventType "swiss"]
[EventRounds "9"]
[EventCountry "GER"]
[SourceTitle "EXT 2019"]
[Source "ChessBase"]
[SourceDate "2018.10.10"]
[SourceVersion "1"]
[SourceVersionDate "2018.10.10"]
[SourceQuality "1"]

1. e4 c5 2. Nf3 Nc6 3. d4 cxd4 4. Nxd4 g6 5. Nc3 Bg7 6. Be3 Nf6 7. Be2 0-0 8. 0-0 d5 9. exd5 Nxd5 10. Nxd5 Qxd5 11. Nxc6 bxc6 12. Qc1 Rb8 13. c3 Qa5 14. Rd1 Be6 15. b4 Qc7 16. Bd4 Rfd8 17. Qe3 Bxd4 18. Rxd4 Rxd4 19. Qxd4 Rd8 20. Qe3 Qb6 21. Qc1 c5 22. a3 1/2-1/2

[Event "Bayern-ch op Seniors 26th"]
[Site "Bergen"]
[Date "2014.06.28"]
[Round "8"]
[White "Oser, Thor"]
[Black "Braeu, Ludwig"]
[Result "1-0"]
[WhiteElo "1622"]
[BlackElo "1759"]
[PlyCount "107"]
[EventDate "2014.06.21"]
[EventType "swiss"]
[EventRounds "7"]
[EventCountry "GER"]
[SourceTitle "EXT 2018"]
[Source "ChessBase"]
[SourceDate "2017.10.13"]
[SourceVersion "1"]
[SourceVersionDate "2017.10.13"]
[SourceQuality "1"]

1. e4 c5 2. g3 d5 3. Nc3 d4 4. Nce2 e5 5. Bg2 Nf6 6. h3 Be7 7. d3 Nc6 8. Bd2 0-0 9. g4 Bd7 10. Ng3 b5 11. Nf5 c4 12. Nxe7+ Qxe7 13. Ne2 Rfd8 14. 0-0 a5 15. Ng3 Be6 16. f4 cxd3 17. cxd3 Nb4 18. f5 Bd7 19. g5 Ne8 20. f6 Qf8 21. fxg7 Nxg7 22. Nf5 Be6 23. Nh6+ Kh8 24. Be1 Rac8 25. Rf2 Rc7 26. a3 Nc6 27. Rc1 Rdc8 28. Rfc2 Qe7 29. h4 Bb3 30. Bh3 Bxc2 31. Rxc2 Ne6 32. Nf5 Qf8 33. Nh6 b4 34. Rf2 Ncd8 35. Qh5 Nf4 36. Qf3 Nxh3+ 37. Qxh3 Rc2 38. Rf6 R8c7 39. Qf5 Qe8 40. Bg3 R2c5 41. Ng4 Rc1+ 42. Kh2 R7c2+ 43. Kh3 Rh1+ 44. Nh2 bxa3 45. bxa3 Kg8 46. Rh6 Qb5 47. Qxh7+ Kf8 48. Qh8+ Ke7 49. Qf6+ Kd7 50. Rh8 Qxd3 51. Rxd8+ Kc7 52. Qe7+ Kb6 53. Rb8+ Ka6 54. Qb7# 1-0

[Event "Bayern-ch op Seniors 26th"]
[Site "Bergen"]
[Date "2014.06.27"]
[Round "7"]
[White "Braeu, Ludwig"]
[Black "Walch, Roger"]
[Result "0-1"]
[WhiteElo "1759"]
[BlackElo "1681"]
[PlyCount "58"]
[EventDate "2014.06.21"]
[EventType "swiss"]
[EventRounds "7"]
[EventCountry "GER"]
[SourceTitle "EXT 2018"]
[Source "ChessBase"]
[SourceDate "2017.10.13"]
[SourceVersion "1"]
[SourceVersionDate "2017.10.13"]
[SourceQuality "1"]

1. c4 e5 2. g3 Nf6 3. Bg2 Nc6 4. Nc3 Bc5 5. e3 a6 6. Nge2 d6 7. 0-0 Bg4 8. h3 Be6 9. Nd5 Ba7 10. Nec3 0-0 11. Rb1 Rb8 12. Kh2 Ne8 13. Qe2 f5 14. b4 e4 15. f3 exf3 16. Bxf3 Ne5 17. Bg2 c6 18. Nf4 Bxc4 19. d3 Bf7 20. a4 g5 21. Nh5 g4 22. Nf4 b5 23. h4 d5 24. axb5 axb5 25. Bb2 Qd6 26. d4 Nc4 27. Bc1 Ng7 28. Nd3 Rbe8 29. Bd2 Bxd4 0-1

[Event "Bad Woerishofen Seniors op 30th"]
[Site "Bad Woerishofen"]
[Date "2014.03.26"]
[Round "6"]
[White "Braeu, Ludwig"]
[Black "Blutharsch, Walter"]
[Result "1/2-1/2"]
[WhiteElo "1958"]
[BlackElo "1882"]
[PlyCount "52"]
[EventDate "2014.03.21"]
[EventType "swiss"]
[EventRounds "9"]
[EventCountry "GER"]
[SourceTitle "EXT 2019"]
[Source "ChessBase"]
[SourceDate "2018.10.10"]
[SourceVersion "1"]
[SourceVersionDate "2018.10.10"]
[SourceQuality "1"]

1. c4 e5 2. g3 Nc6 3. Bg2 Nf6 4. Nc3 Be7 5. Nf3 d6 6. d4 0-0 7. 0-0 Re8 8. h3 Bd7 9. Be3 Qc8 10. Kh2 Nh5 11. Nd5 Bd8 12. g4 Nf6 13. dxe5 Nxe5 14. Nxe5 dxe5 15. Qd2 c6 16. Nxf6+ Bxf6 17. g5 Bd8 18. Rh1 Bf5 19. Rad1 Bc7 20. h4 Qe6 21. Qc1 Bg4 22. f3 e4+ 23. Bf4 exf3 24. exf3 Bxf4+ 25. Qxf4 Bh5 26. Rd2 Qe5 1/2-1/2

[Event "Bayern-ch Seniors 25th"]
[Site "Bergen"]
[Date "2013.06.17"]
[Round "3.28"]
[White "Ludwig, Ines"]
[Black "Braeu, Ludwig"]
[Result "0-1"]
[WhiteElo "1599"]
[BlackElo "1695"]
[PlyCount "108"]
[EventDate "2013.06.15"]
[EventType "swiss"]
[EventRounds "9"]
[EventCountry "GER"]
[SourceTitle "EXT 2022"]
[Source "ChessBase"]
[SourceDate "2021.10.06"]
[SourceVersion "1"]
[SourceVersionDate "2021.10.06"]
[SourceQuality "1"]

1. d4 g6 2. e4 Bg7 3. e5 c5 4. c3 cxd4 5. cxd4 d6 6. f4 dxe5 7. fxe5 Nc6 8. Be3 Nh6 9. Nf3 Bg4 10. Bb5 Nf5 11. Bf2 0-0 12. Bxc6 bxc6 13. Nc3 Rb8 14. b3 Qa5 15. Qc2 Rfd8 16. 0-0-0 Bh6+ 17. Kb2 Be3 18. h3 Bxf3 19. gxf3 Bxd4 20. f4 c5 21. Rhe1 e6 22. Bxd4 cxd4 23. Ne4 Ne3 24. Qd3 Nxd1+ 25. Rxd1 Qb5 26. Nd6 Qxd3 27. Rxd3 Kf8 28. Rxd4 Ke7 29. Rc4 Rxd6 30. exd6+ Kxd6 31. a4 a5 32. Kc3 f6 33. Rd4+ Ke7 34. Rc4 Rb7 35. Rc5 Ra7 36. Kd4 Rb7 37. Rxa5 Rxb3 38. Ra7+ Kd6 39. h4 Rb4+ 40. Ke3 e5 41. fxe5+ fxe5 42. Rxh7 Rxa4 43. Rh6 Kd5 44. Rxg6 Rxh4 45. Rg3 Ra4 46. Rg8 Ra3+ 47. Kd2 Kd4 48. Rd8+ Ke4 49. Ke2 Ra2+ 50. Rd2 Rxd2+ 51. Kxd2 Kf3 52. Ke1 Ke3 53. Kf1 Kd2 54. Kf2 e4 0-1

[Event "Bayern-ch Seniors 25th"]
[Site "Bergen"]
[Date "2013.06.15"]
[Round "1.46"]
[White "Schweighard, Hubert"]
[Black "Braeu, Ludwig"]
[Result "0-1"]
[WhiteElo "1255"]
[BlackElo "1695"]
[PlyCount "40"]
[EventDate "2013.06.15"]
[EventType "swiss"]
[EventRounds "9"]
[EventCountry "GER"]
[SourceTitle "EXT 2022"]
[Source "ChessBase"]
[SourceDate "2021.10.06"]
[SourceVersion "1"]
[SourceVersionDate "2021.10.06"]
[SourceQuality "1"]

1. d4 g6 2. Bf4 Bg7 3. e3 c5 4. c4 Nf6 5. Nc3 0-0 6. h3 cxd4 7. exd4 d5 8. Nf3 Nc6 9. Ne5 Bf5 10. Be2 Rc8 11. 0-0 dxc4 12. Nxc6 bxc6 13. Bxc4 Nd5 14. Nxd5 cxd5 15. Be2 Qb6 16. Qb3 Bxd4 17. Qxd5 Rc2 18. Bc4 Be6 19. Qg5 Bxc4 20. Rfe1 Bxf2+ 0-1

[Event "Bayern-ch Seniors 23rd"]
[Site "Bergen"]
[Date "2011.06.05"]
[Round "9"]
[White "Weigel, Herbert"]
[Black "Braeu, Ludwig"]
[Result "1-0"]
[WhiteElo "1925"]
[BlackElo "1778"]
[PlyCount "68"]
[EventDate "2011.05.28"]
[EventType "swiss"]
[EventRounds "9"]
[EventCountry "GER"]
[SourceTitle "EXT 2012"]
[Source "ChessBase"]
[SourceDate "2011.11.24"]
[SourceVersion "1"]
[SourceVersionDate "2011.11.24"]
[SourceQuality "1"]

1. e4 g6 2. d4 Bg7 3. f4 d6 4. Nf3 e6 5. Be3 Ne7 6. c4 Nd7 7. Nc3 c5 8. Qd2 cxd4 9. Nxd4 Nc5 10. Be2 0-0 11. Bf3 Bd7 12. 0-0 a6 13. Rac1 Rb8 14. Rfd1 Nc8 15. Nde2 b6 16. e5 Re8 17. b4 Nb7 18. Ne4 Ba4 19. exd6 Nbxd6 20. Nxd6 Nxd6 21. Qxd6 Bxd1 22. Qxd1 Qxd1+ 23. Rxd1 Rec8 24. c5 bxc5 25. bxc5 a5 26. c6 a4 27. Rd7 Bf6 28. Bd4 Kg7 29. Bxf6+ Kxf6 30. Nc3 Kg7 31. Nxa4 Rb4 32. Nc5 Kf8 33. Nb7 Ra8 34. c7 Rxa2 1-0

[Event "Bayern-ch Seniors 23rd"]
[Site "Bergen"]
[Date "2011.06.04"]
[Round "8"]
[White "Braeu, Ludwig"]
[Black "Villing, Dieter"]
[Result "1-0"]
[WhiteElo "1778"]
[BlackElo "2066"]
[PlyCount "123"]
[EventDate "2011.05.28"]
[EventType "swiss"]
[EventRounds "9"]
[EventCountry "GER"]
[SourceTitle "EXT 2012"]
[Source "ChessBase"]
[SourceDate "2011.11.24"]
[SourceVersion "1"]
[SourceVersionDate "2011.11.24"]
[SourceQuality "1"]

1. c4 e5 2. g3 g6 3. Bg2 Bg7 4. Nc3 d6 5. e4 Nc6 6. Nge2 Nge7 7. 0-0 0-0 8. d3 Bg4 9. f3 Bd7 10. h3 f5 11. Kh2 f4 12. gxf4 exf4 13. d4 g5 14. h4 Ng6 15. hxg5 Qxg5 16. Nd5 Nh4 17. Rf2 Nxg2 18. Rxg2 Qh5+ 19. Kg1 Qxf3 20. Bxf4 Bg4 21. Qd2 h5 22. Bh6 Rf7 23. Bxg7 Kxg7 24. Qg5+ Kh7 25. Nef4 Rg8 26. Nf6+ Rxf6 27. Qxf6 Qxe4 28. Kf1 Qxd4 29. Qxd4 Nxd4 30. Re1 Rf8 31. Rf2 Nf3 32. Re4 Rf7 33. Kg2 Nh4+ 34. Kg3 Nf5+ 35. Kg2 Rg7 36. Kh2 Nh4 37. Re3 Rf7 38. Re4 Bd7 39. Kg3 Nf5+ 40. Kg2 Rg7+ 41. Kh2 Bc6 42. Ree2 Nd4 43. Re3 Kh6 44. Ne6 Nxe6 45. Rxe6+ Rg6 46. Rfe2 b5 47. cxb5 Bxb5 48. Rxg6+ Kxg6 49. Re7 Kf6 50. Rxc7 a6 51. Kg3 Ke5 52. Kf3 d5 53. Ke3 d4+ 54. Kf3 Kf5 55. Rc5+ Kg6 56. Kg3 d3 57. Rd5 Bc4 58. Rd4 Bb5 59. a4 Bc6 60. b3 Kg5 61. Rxd3 h4+ 62. Kh2 1-0

[Event "Bad Woerishofen Nestors op 27th"]
[Site "Bad Woerishofen"]
[Date "2011.03.31"]
[Round "9"]
[White "Braeu, Ludwig"]
[Black "Meinhardt, Guenther"]
[Result "1-0"]
[WhiteElo "2005"]
[BlackElo "1880"]
[PlyCount "59"]
[EventDate "2011.03.24"]
[EventType "swiss"]
[EventRounds "9"]
[EventCountry "GER"]
[SourceTitle "EXT 2012"]
[Source "ChessBase"]
[SourceDate "2011.11.24"]
[SourceVersion "1"]
[SourceVersionDate "2011.11.24"]
[SourceQuality "1"]

1. c4 e5 2. g3 d6 3. Bg2 c6 4. d4 exd4 5. Qxd4 Be6 6. Nc3 Qf6 7. Qd3 Nd7 8. b3 d5 9. cxd5 cxd5 10. Nf3 Bb4 11. Bd2 Rc8 12. Rc1 Ba3 13. Rd1 Ne7 14. Nb5 Bf5 15. Qd4 Qa6 16. Nxa3 Qxa3 17. Bb4 Qxa2 18. Bxe7 Kxe7 19. Qxd5 Be6 20. Qd6+ Ke8 21. 0-0 Qxb3 22. Rc1 Rc6 23. Rxc6 bxc6 24. Nd4 Qb8 25. Qxc6 Qb6 26. Qc8+ Qd8 27. Rc1 Nb6 28. Qc5 Bd7 29. Rc3 Na4 30. Re3+ 1-0